[Event "7th Iberoamerican-ch 2019"]
[Site "Linares"]
[Date "2019.08.16"]
[Round "7.34"]
[White "Arroyo Rodriguez, Jesus"]
[Black "Serarols Mabras, Bernat"]
[Result "0-1"]
[WhiteElo "2126"]
[BlackElo "2338"]
[Annotator "NA"]
[PlyCount "90"]
[EventDate "2019.08.10"]
[EventType "swiss"]
[EventCountry "ESP"]
[SourceTitle "playchess.com"]
[Source "ChessBase"]
[SourceQuality "1"]
[TimeControl "5400+30"]

1. e4 {[%emt 0:02:00]} c6 {[%emt 0:00:00]} 2. Nc3 {[%emt 0:00:09]} d5 {[%emt 0:00:00]} 3. Nf3 {[%emt 0:00:07]} Nf6 {[%emt 0:03:04]} 4. e5 {[%emt 0:02:31]} Ne4 {[%emt 0:00:07]} 5. d4 {[%emt 0:01:06]} Nxc3 {[%emt 0:01:02]} 6. bxc3 {[%emt 0:00:01]} c5 {[%emt 0:05:30]} 7. c4 {[%emt 0:06:21]} Nc6 {[%emt 0:08:27]} 8. c3 {[%emt 0:02:10]} e6 {[%emt 0:04:43]} 9. Be2 {[%emt 0:10:30]} cxd4 {[%emt 0:09:36]} 10. cxd4 {[%emt 0:01:51]} Bb4+ {[%emt 0:00:30]} 11. Kf1 {[%emt 0:00:49]} dxc4 {[%emt 0:05:35]} 12. Be3 {[%emt 0:02:47]} c3 {[%emt 0:04:41]} 13. a3 {[%emt 0:05:50]} Be7 {[%emt 0:09:23]} 14. h4 {[%emt 0:01:25]} h6 {[%emt 0:02:49]} 15. Bd3 {[%emt 0:06:18]} Qa5 {[%emt 0:03:39]} 16. Be4 {[%emt 0:04:10]} Bd7 {[%emt 0:00:15]} 17. g3 {[%emt 0:04:06]} Rc8 {[%emt 0:00:51]} 18. Kg2 {[%emt 0:01:14]} Nd8 {[%emt 0:03:32]} 19. Qb1 {[%emt 0:07:59]} Bc6 {[%emt 0:00:43]} 20. Bxc6+ {[%emt 0:01:27]} Rxc6 {[%emt 0:01:12]} 21. Rc1 {[%emt 0:00:26]} O-O {[%emt 0:02:43]} 22. Qd3 {[%emt 0:07:40]} b6 {[%emt 0:04:36]} 23. g4 {[%emt 0:05:35]} Qd5 {[%emt 0:01:19]} 24. Kg3 {[%emt 0:01:06]} f5 {[%emt 0:07:58]} 25. g5 {[%emt 0:01:06]} hxg5 {[%emt 0:02:14]} 26. hxg5 {[%emt 0:01:14]} Nf7 {[%emt 0:01:17]} 27. Rh1 {[%emt 0:02:32]} Nh8 {[%emt 0:04:18]} 28. Rxh8+ {[%emt 0:01:39]} Kxh8 {[%emt 0:00:03]} 29. Rh1+ {[%emt 0:01:55]} Kg8 {[%emt 0:00:04]} 30. Bf4 {[%emt 0:09:15]} c2 {[%emt 0:01:09]} 31. g6 {[%emt 0:04:13]} Bh4+ {[%emt 0:05:26]} 32. Rxh4 {[%emt 0:04:52]} c1=Q {[%emt 0:00:53]} 33. Bxc1 {[%emt 0:00:19]} Rxc1 {[%emt 0:00:03]} 34. Qe2 {[%emt 0:00:38]} f4+ {[%emt 0:01:18]} 35. Kh2 {[%emt 0:01:06]} Rf5 {[%emt 0:00:39]} 36. Ne1 {[%emt 0:01:02]} Rg5 {[%emt 0:01:10]} 37. Qd3 {[%emt 0:00:18]} Rxe1 {[%emt 0:02:10]} 38. Rh8+ {[%emt 0:00:22]} Kxh8 {[%emt 0:00:03]} 39. Qh3+ {[%emt 0:00:05]} Kg8 {[%emt 0:00:04]} 40. Qh7+ {[%emt 0:00:04]} Kf8 {[%emt 0:00:05]} 41. Qh8+ {[%emt 0:00:20]} Ke7 {[%emt 0:00:01]} 42. Qxg7+ {[%emt 0:00:10]} Kd8 {[%emt 0:00:26]} 43. Qf8+ {[%emt 0:00:27]} Kd7 {[%emt 0:00:51]} 44. Qf7+ {[%emt 0:00:07]} Kc6 {[%emt 0:00:54]} 45. Qe8+ {[%emt 0:00:19]} Qd7 {[%emt 0:00:07]} 0-1

[Event "7th Iberoamerican-ch 2019"]
[Site "Linares"]
[Date "2019.08.16"]
[Round "7.35"]
[White "Alvarez Morales, Miguel"]
[Black "Garcia Martin, Marta"]
[Result "0-1"]
[WhiteElo "1965"]
[BlackElo "2313"]
[Annotator "NA"]
[PlyCount "66"]
[EventDate "2019.08.10"]
[EventType "swiss"]
[EventCountry "ESP"]
[SourceTitle "playchess.com"]
[Source "ChessBase"]
[SourceQuality "1"]
[TimeControl "5400+30"]

1. e4 {[%emt 0:00:00]} c5 {[%emt 0:00:49]} 2. c4 {[%emt 0:00:00]} Nc6 {[%emt 0:00:39]} 3. Nc3 {[%emt 0:00:00]} g6 {[%emt 0:04:41]} 4. g3 {[%emt 0:00:00]} Bg7 {[%emt 0:00:07]} 5. Bg2 {[%emt 0:00:01]} d6 {[%emt 0:06:27]} 6. Nge2 {[%emt 0:00:19]} h5 {[%emt 0:02:49]} 7. h3 {[%emt 0:01:03]} Bd7 {[%emt 0:13:49]} 8. d3 {[%emt 0:00:44]} a6 {[%emt 0:07:38]} 9. Be3 {[%emt 0:00:15]} Nd4 {[%emt 0:00:38]} 10. O-O {[%emt 0:01:00]} b5 {[%emt 0:06:44]} 11. e5 {[%emt 0:01:56]} dxe5 {[%emt 0:03:12]} 12. Bxa8 {[%emt 0:01:19]} Qxa8 {[%emt 0:00:07]} 13. Nd5 {[%emt 0:01:16]} Qc6 {[%emt 0:04:54]} 14. Bxd4 {[%emt 0:03:36]} exd4 {[%emt 0:04:26]} 15. Qd2 {[%emt 0:13:16]} e6 {[%emt 0:23:52]} 16. Rfe1 {[%emt 0:01:09]} Kf8 {[%emt 0:00:51]} 17. Ndf4 {[%emt 0:07:08]} Ne7 {[%emt 0:01:43]} 18. Qa5 {[%emt 0:01:37]} Bf6 {[%emt 0:00:22]} 19. cxb5 {[%emt 0:00:11]} axb5 {[%emt 0:00:16]} 20. b4 {[%emt 0:01:56]} e5 {[%emt 0:01:34]} 21. bxc5 {[%emt 0:04:46]} exf4 {[%emt 0:00:59]} 22. Nxf4 {[%emt 0:00:31]} g5 {[%emt 0:02:06]} 23. Ng2 {[%emt 0:05:44]} Bxh3 {[%emt 0:00:38]} 24. Re4 {[%emt 0:00:51]} Bf5 {[%emt 0:05:06]} 25. Ree1 {[%emt 0:03:05]} Nd5 {[%emt 0:02:05]} 26. a4 {[%emt 0:00:30]} bxa4 {[%emt 0:02:08]} 27. Rxa4 {[%emt 0:00:29]} Kg7 {[%emt 0:00:26]} 28. Ra3 {[%emt 0:03:21]} Nc3 {[%emt 0:00:42]} 29. Ne3 {[%emt 0:01:27]} dxe3 {[%emt 0:00:16]} 30. Rxc3 {[%emt 0:00:05]} exf2+ {[%emt 0:00:16]} 31. Kxf2 {[%emt 0:00:02]} Bd4+ {[%emt 0:00:52]} 32. Ke2 {[%emt 0:00:44]} Re8+ {[%emt 0:00:15]} 33. Kd2 {[%emt 0:00:02]} Qg2+ {[%emt 0:00:13]} 0-1

[Event "7th Iberoamerican-ch 2019"]
[Site "Linares"]
[Date "2019.08.16"]
[Round "7.36"]
[White "Diaz Mino, Daniel"]
[Black "Calzetta Ruiz, Monica"]
[Result "0-1"]
[WhiteElo "1888"]
[BlackElo "2257"]
[Annotator "NA"]
[PlyCount "66"]
[EventDate "2019.08.10"]
[EventType "swiss"]
[EventCountry "ESP"]
[SourceTitle "playchess.com"]
[Source "ChessBase"]
[SourceQuality "1"]
[TimeControl "5400+30"]

1. e4 {[%emt 0:00:00]} c5 {[%emt 0:00:00]} 2. Nc3 {[%emt 0:00:00]} Nc6 {[%emt 0:00:00]} 3. g3 {[%emt 0:00:00]} g6 {[%emt 0:00:00]} 4. Bg2 {[%emt 0:00:00]} Bg7 {[%emt 0:00:00]} 5. d3 {[%emt 0:00:00]} Nf6 {[%emt 0:00:05]} 6. f4 {[%emt 0:00:18]} d6 {[%emt 0:00:07]} 7. Nf3 {[%emt 0:00:07]} O-O {[%emt 0:00:12]} 8. O-O {[%emt 0:00:05]} Bg4 {[%emt 0:00:27]} 9. h3 {[%emt 0:00:41]} Bxf3 {[%emt 0:00:07]} 10. Bxf3 {[%emt 0:00:16]} Rb8 {[%emt 0:03:11]} 11. a4 {[%emt 0:02:13]} a6 {[%emt 0:00:50]} 12. Be3 {[%emt 0:02:01]} Nd7 {[%emt 0:01:26]} 13. Rb1 {[%emt 0:02:57]} Nd4 {[%emt 0:05:28]} 14. Bg2 {[%emt 0:00:43]} b5 {[%emt 0:00:52]} 15. axb5 {[%emt 0:00:22]} axb5 {[%emt 0:00:12]} 16. Ne2 {[%emt 0:01:32]} b4 {[%emt 0:00:41]} 17. g4 {[%emt 0:01:10]} Ra8 {[%emt 0:31:11]} 18. Qd2 {[%emt 0:27:13]} Nxe2+ {[%emt 0:06:40]} 19. Qxe2 {[%emt 0:00:19]} Ra2 {[%emt 0:00:08]} 20. b3 {[%emt 0:00:26]} Qb6 {[%emt 0:01:24]} 21. f5 {[%emt 0:01:36]} Bd4 {[%emt 0:07:50]} 22. Bxd4 {[%emt 0:08:49]} cxd4 {[%emt 0:00:02]} 23. g5 {[%emt 0:00:59]} Qc5 {[%emt 0:00:12]} 24. Rbc1 {[%emt 0:00:54]} Rc8 {[%emt 0:00:30]} 25. Rf2 {[%emt 0:00:39]} Ne5 {[%emt 0:02:44]} 26. f6 {[%emt 0:13:21]} e6 {[%emt 0:04:49]} 27. h4 {[%emt 0:14:36]} Qc3 {[%emt 0:02:04]} 28. Bf1 {[%emt 0:04:55]} Rc5 {[%emt 0:08:52]} 29. Qd1 {[%emt 0:03:57]} Rca5 {[%emt 0:03:39]} 30. h5 {[%emt 0:01:41]} Ra1 {[%emt 0:03:49]} 31. Rxa1 {[%emt 0:00:31]} Rxa1 {[%emt 0:00:11]} 32. Qe2 {[%emt 0:02:53]} Re1 {[%emt 0:00:09]} 33. Qd2 {[%emt 0:01:37]} Nf3+ {[%emt 0:00:09]} 0-1

[Event "7th Iberoamerican-ch 2019"]
[Site "Linares"]
[Date "2019.08.16"]
[Round "7.37"]
[White "Garcia Morales, Ivette Ale"]
[Black "Diaz Mino, Pablo"]
[Result "0-1"]
[WhiteElo "1988"]
[BlackElo "2239"]
[Annotator "RC"]
[PlyCount "136"]
[EventDate "2019.08.10"]
[EventType "swiss"]
[EventCountry "ESP"]
[SourceTitle "playchess.com"]
[Source "ChessBase"]
[SourceQuality "1"]
[TimeControl "5400+30"]

1. d4 Nf6 2. Nf3 g6 3. g3 Bg7 4. Bg2 O-O 5. O-O d6 6. c4 c6 7. Nc3 Qa5 {[%emt 0:02:48]} 8. h3 {[%emt 0:04:25]} Be6 {[%emt 0:01:45]} 9. Qd3 {[%emt 0:02:07]} Qa6 {[%emt 0:00:32]} 10. b3 {[%emt 0:07:27]} d5 {[%emt 0:00:53]} 11. Ne5 {[%emt 0:10:05]} Rd8 {[%emt 0:10:04]} 12. cxd5 {[%emt 0:07:37]} Nxd5 {[%emt 0:10:11]} 13. Nxd5 {[%emt 0:16:44]} Bxd5 {[%emt 0:00:32]} 14. Qxa6 {[%emt 0:00:11]} Nxa6 {[%emt 0:00:11]} 15. e3 {[%emt 0:01:46]} Bxg2 {[%emt 0:08:39]} 16. Kxg2 {[%emt 0:00:25]} Bxe5 {[%emt 0:03:11]} 17. dxe5 {[%emt 0:00:09]} Rd5 {[%emt 0:05:16]} 18. f4 {[%emt 0:14:01]} Rad8 {[%emt 0:07:12]} 19. Rf2 {[%emt 0:05:33]} R8d7 {[%emt 0:12:45]} 20. Ba3 {[%emt 0:08:59]} Ra5 {[%emt 0:04:38]} 21. Bb2 {[%emt 0:02:00]} Rd3 {[%emt 0:09:31]} 22. Kf3 {[%emt 0:00:52]} Rad5 {[%emt 0:02:27]} 23. Ba3 {[%emt 0:01:43]} Kf8 {[%emt 0:00:42]} 24. Rh1 {[%emt 0:03:30]} Nc7 {[%emt 0:04:04]} 25. g4 {[%emt 0:00:38]} g5 {[%emt 0:02:56]} 26. Ke4 {[%emt 0:07:57]} gxf4 {[%emt 0:05:51]} 27. Rxf4 {[%emt 0:00:27]} Ne6 {[%emt 0:00:26]} 28. Rf5 {[%emt 0:00:23]} Rd1 {[%emt 0:00:18]} 29. Rxd1 {[%emt 0:01:10]} Rxd1 {[%emt 0:00:02]} 30. h4 {[%emt 0:01:50]} c5 {[%emt 0:00:30]} 31. Rf2 {[%emt 0:01:04]} a5 {[%emt 0:01:05]} 32. Rc2 {[%emt 0:00:31]} b6 {[%emt 0:00:07]} 33. Kf3 Kg7 {[%emt 0:00:18]} 34. Bb2 {[%emt 0:02:01]} Kg6 {[%emt 0:01:06]} 35. Rf2 {[%emt 0:01:00]} h6 {[%emt 0:03:21]} 36. Ke4 {[%emt 0:00:10]} Rg1 {[%emt 0:00:39]} 37. Kf3 {[%emt 0:01:41]} h5 {[%emt 0:00:30]} 38. gxh5+ {[%emt 0:00:30]} Kxh5 {[%emt 0:00:30]} 39. Ke4 {[%emt 0:00:30]} Kxh4 {[%emt 0:00:28]} 40. Kd5 {[%emt 0:00:06]} Nd8 {[%emt 0:00:30]} 41. Rh2+ {[%emt 0:00:01]} Kg3 {[%emt 0:01:32]} 42. Rh8 {[%emt 0:00:12]} Kf3 {[%emt 0:01:13]} 43. Rxd8 {[%emt 0:00:25]} Rd1+ {[%emt 0:00:05]} 44. Bd4 {[%emt 0:00:03]} cxd4 {[%emt 0:00:39]} 45. exd4 {[%emt 0:00:01]} Ke3 {[%emt 0:00:30]} 46. Kc4 {[%emt 0:00:19]} e6 {[%emt 0:04:17]} 47. a4 {[%emt 0:00:51]} Rd3 {[%emt 0:00:14]} 48. Rd7 {[%emt 0:00:56]} Rd2 {[%emt 0:00:39]} 49. b4 {[%emt 0:02:20]} axb4 {[%emt 0:00:12]} 50. Kxb4 {[%emt 0:00:03]} Rxd4+ {[%emt 0:01:06]} 51. Rxd4 {[%emt 0:00:04]} Kxd4 {[%emt 0:00:01]} 52. Kb5 {[%emt 0:00:07]} Kxe5 {[%emt 0:00:06]} 53. Kxb6 f5 {[%emt 0:00:01]} 54. a5 {[%emt 0:01:17]} f4 {[%emt 0:00:01]} 55. a6 {[%emt 0:00:06]} f3 {[%emt 0:00:04]} 56. a7 {[%emt 0:00:04]} f2 {[%emt 0:00:04]} 57. a8=Q {[%emt 0:00:07]} f1=Q {[%emt 0:00:03]} 58. Qb8+ {[%emt 0:00:36]} Ke4 {[%emt 0:00:43]} 59. Qb7+ {[%emt 0:00:24]} Ke3 {[%emt 0:00:21]} 60. Kc5 {[%emt 0:01:52]} e5 {[%emt 0:00:53]} 61. Qd5 {[%emt 0:00:53]} Qf8+ {[%emt 0:01:09]} 62. Kc4 {[%emt 0:00:50]} Qf4+ {[%emt 0:00:32]} 63. Kb3 {[%emt 0:00:30]} Qd4 {[%emt 0:00:47]} 64. Qg2 {[%emt 0:00:33]} Qd3+ {[%emt 0:00:06]} 65. Kb4 {[%emt 0:00:30]} Qe4+ {[%emt 0:00:30]} 66. Qxe4+ {[%emt 0:00:43]} Kxe4 {[%emt 0:00:00]} 67. Kc4 {[%emt 0:00:02]} Kf3 {[%emt 0:00:00]} 68. Kd3 {[%emt 0:00:30]} e4+ {[%emt 0:00:27]} 0-1

[Event "7th Iberoamerican-ch 2019"]
[Site "Linares"]
[Date "2019.08.16"]
[Round "7.38"]
[White "Paiva, Henrique M A Alberga"]
[Black "Torres Sanchez, Jose"]
[Result "1/2-1/2"]
[WhiteElo "2106"]
[BlackElo "2304"]
[Annotator "NA"]
[PlyCount "39"]
[EventDate "2019.08.10"]
[EventType "swiss"]
[EventCountry "ESP"]
[SourceTitle "playchess.com"]
[Source "ChessBase"]
[SourceQuality "1"]
[TimeControl "5400+30"]

1. e4 {[%emt 0:00:00]} c5 {[%emt 0:00:00]} 2. Nf3 {[%emt 0:00:08]} a6 {[%emt 0:00:00]} 3. c3 {[%emt 0:01:52]} d5 {[%emt 0:00:01]} 4. exd5 {[%emt 0:02:56]} Qxd5 {[%emt 0:00:10]} 5. d4 {[%emt 0:01:04]} g6 {[%emt 0:00:16]} 6. Be2 {[%emt 0:00:27]} Bg7 {[%emt 0:00:08]} 7. O-O {[%emt 0:00:11]} Nf6 {[%emt 0:00:44]} 8. c4 {[%emt 0:07:08]} Qd6 {[%emt 0:00:27]} 9. Nc3 {[%emt 0:02:28]} O-O {[%emt 0:01:55]} 10. dxc5 {[%emt 0:03:28]} Qxc5 {[%emt 0:00:12]} 11. Be3 {[%emt 0:00:17]} Qa5 {[%emt 0:07:09]} 12. Qb3 {[%emt 0:06:09]} Nbd7 {[%emt 0:00:59]} 13. Nd5 {[%emt 0:06:57]} Nxd5 {[%emt 0:09:36]} 14. cxd5 {[%emt 0:00:05]} Nf6 {[%emt 0:00:07]} 15. Rfd1 {[%emt 0:00:27]} Bd7 {[%emt 0:00:29]} 16. a4 {[%emt 0:00:58]} Bf5 {[%emt 0:06:36]} 17. Rac1 {[%emt 0:06:20]} Bd7 {[%emt 0:08:54]} 18. Ra1 {[%emt 0:00:15]} Bf5 {[%emt 0:01:05]} 19. Rac1 {[%emt 0:00:11]} Bd7 {[%emt 0:17:49]} 20. Ra1 {[%emt 0:01:17]} 1/2-1/2

[Event "7th Iberoamerican-ch 2019"]
[Site "Linares"]
[Date "2019.08.16"]
[Round "7.39"]
[White "Riquelme Valero, Manuel Damian"]
[Black "Gines Abad, Pedro"]
[Result "1/2-1/2"]
[WhiteElo "2157"]
[BlackElo "1964"]
[Annotator "NA"]
[PlyCount "31"]
[EventDate "2019.08.10"]
[EventType "swiss"]
[EventCountry "ESP"]
[SourceTitle "playchess.com"]
[Source "ChessBase"]
[SourceQuality "1"]
[TimeControl "5400+30"]

1. d4 {[%emt 0:00:00]} d5 {[%emt 0:06:55]} 2. c4 {[%emt 0:00:00]} dxc4 {[%emt 0:00:36]} 3. Nf3 {[%emt 0:00:57]} c5 {[%emt 0:01:52]} 4. e3 {[%emt 0:01:55]} Nf6 {[%emt 0:05:31]} 5. Bxc4 {[%emt 0:00:25]} e6 {[%emt 0:00:09]} 6. O-O {[%emt 0:00:29]} a6 {[%emt 0:00:07]} 7. dxc5 {[%emt 0:03:11]} Qxd1 {[%emt 0:00:19]} 8. Rxd1 {[%emt 0:00:14]} Bxc5 {[%emt 0:00:06]} 9. Nbd2 {[%emt 0:02:39]} b5 {[%emt 0:04:58]} 10. Be2 {[%emt 0:00:13]} Nbd7 {[%emt 0:00:43]} 11. a4 {[%emt 0:01:36]} b4 {[%emt 0:05:18]} 12. b3 {[%emt 0:03:31]} Bb7 {[%emt 0:02:47]} 13. Bb2 {[%emt 0:00:35]} Ke7 {[%emt 0:03:56]} 14. Rac1 {[%emt 0:01:28]} Rhc8 {[%emt 0:01:38]} 15. Nc4 {[%emt 0:04:19]} Bd5 {[%emt 0:07:16]} 16. Nfd2 1/2-1/2

[Event "7th Iberoamerican-ch 2019"]
[Site "Linares"]
[Date "2019.08.16"]
[Round "7.40"]
[White "Sanchez Jerez, Emilio Miguel"]
[Black "Ingunza Curro, Andres"]
[Result "0-1"]
[WhiteElo "2141"]
[BlackElo "2103"]
[Annotator "ChessBase"]
[PlyCount "104"]
[EventDate "2019.08.10"]
[EventType "swiss"]
[EventCountry "ESP"]
[SourceTitle "playchess.com"]
[Source "ChessBase"]
[SourceQuality "1"]
[TimeControl "5400+30"]

1. b3 e5 2. Bb2 Nc6 3. e3 Nf6 4. Nf3 e4 5. Ne5 Bd6 6. Ng4 {[%emt 0:01:42]} Be7 {[%emt 0:03:46]} 7. Nxf6+ {[%emt 0:01:00]} Bxf6 {[%emt 0:00:24]} 8. Bxf6 {[%emt 0:00:06]} Qxf6 {[%emt 0:00:05]} 9. Nc3 {[%emt 0:00:02]} Qe5 {[%emt 0:03:37]} 10. Bc4 {[%emt 0:00:53]} Ne7 {[%emt 0:01:41]} 11. f4 {[%emt 0:00:44]} exf3 {[%emt 0:20:15]} 12. Qxf3 {[%emt 0:00:44]} f5 {[%emt 0:06:23]} 13. O-O {[%emt 0:02:27]} c6 {[%emt 0:03:26]} 14. d4 {[%emt 0:00:35]} Qc7 {[%emt 0:06:33]} 15. e4 b5 {[%emt 0:02:57]} 16. exf5 {[%emt 0:03:55]} Qd6 {[%emt 0:11:21]} 17. f6 {[%emt 0:05:08]} gxf6 {[%emt 0:01:33]} 18. Qe3 {[%emt 0:08:06]} f5 {[%emt 0:12:51]} 19. Bd3 {[%emt 0:17:49]} O-O {[%emt 0:04:41]} 20. Rae1 {[%emt 0:16:31]} Rf7 {[%emt 0:01:58]} 21. a4 {[%emt 0:05:42]} a6 {[%emt 0:04:00]} 22. Ne2 {[%emt 0:07:37]} Bb7 {[%emt 0:01:29]} 23. c4 {[%emt 0:03:20]} Raf8 {[%emt 0:03:52]} 24. c5 {[%emt 0:01:09]} Qg6 {[%emt 0:05:58]} 25. Nf4 {[%emt 0:01:53]} Qh6 {[%emt 0:00:51]} 26. b4 {[%emt 0:07:03]} Rg7 {[%emt 0:02:11]} 27. Bc2 {[%emt 0:02:16]} Ng6 {[%emt 0:01:27]} 28. g3 {[%emt 0:01:35]} Kh8 {[%emt 0:00:13]} 29. Nxg6+ {[%emt 0:00:30]} Qxg6 {[%emt 0:00:30]} 30. Qe5 {[%emt 0:03:07]} h5 {[%emt 0:01:30]} 31. Rxf5 {[%emt 0:00:48]} Rxf5 {[%emt 0:00:36]} 32. Bxf5 {[%emt 0:00:30]} Qg5 {[%emt 0:00:41]} 33. Rf1 {[%emt 0:08:28]} h4 34. Kg2 bxa4 {[%emt 0:01:22]} 35. g4 {[%emt 0:02:20]} a3 36. Qf4 Qxf4 {[%emt 0:00:54]} 37. Rxf4 {[%emt 0:01:07]} Re7 38. Rf3 {[%emt 0:01:00]} a2 {[%emt 0:00:43]} 39. Ra3 {[%emt 0:00:41]} Re2+ {[%emt 0:00:02]} 40. Kf3 Rxh2 41. g5 {[%emt 0:01:08]} Rb2 {[%emt 0:00:46]} 42. Kg4 {[%emt 0:00:33]} Kg7 43. Bxd7 Rxb4 {[%emt 0:00:54]} 44. Be6 {[%emt 0:01:00]} Rxd4+ {[%emt 0:00:25]} 45. Kh5 {[%emt 0:00:29]} Re4 {[%emt 0:00:26]} 46. Bxa2 {[%emt 0:00:19]} Bc8 {[%emt 0:00:22]} 47. g6 {[%emt 0:00:41]} h3 {[%emt 0:01:07]} 48. Bb1 {[%emt 0:00:27]} Re5+ {[%emt 0:00:22]} 49. Kh4 {[%emt 0:00:15]} h2 {[%emt 0:00:08]} 50. Rh3 {[%emt 0:00:49]} Bxh3 {[%emt 0:00:11]} 51. Be4 {[%emt 0:00:20]} Rxe4+ {[%emt 0:00:07]} 52. Kg5 h1=Q 0-1

[Event "7th Iberoamerican-ch 2019"]
[Site "Linares"]
[Date "2019.08.17"]
[Round "8.1"]
[White "Cori, Jorge"]
[Black "Vallejo Pons, Francisco"]
[Result "1/2-1/2"]
[WhiteElo "2686"]
[BlackElo "2678"]
[Annotator "TA"]
[PlyCount "31"]
[EventDate "2019.08.10"]
[EventType "swiss"]
[EventCountry "ESP"]
[SourceTitle "playchess.com"]
[Source "ChessBase"]
[SourceQuality "1"]

{[%evp 24,31,0,0,-2,0,0,0,0,-30]} 1. d4 d5 2. Nf3 e6 3. c4 a6 4. e3 Nf6 5. Nc3 dxc4 6. a4 c5 7. Bxc4 Nc6 8. O-O Be7 9. Qe2 O-O 10. Rd1 Qc7 11. b3 Rd8 12. Bb2 cxd4 13. exd4 {The position is equal.} Na5 {D27: Queen's Gambit Accepted: Classical main line: 7 e4!? and 7 a4} (13... Nd5 14. Ne4 Bd7 15. Rac1 Be8 16. g3 Rac8 17. Bd3 Qb6 18. Nc5 Bf6 19. Bb1 Nxd4 20. Nxd4 Rxc5 21. Rxc5 Qxc5 {½-½ (68) Kaidanov,G (2608)-Nogueiras Santiago,J (2547) Beersheba 2005}) 14. Rac1 Nxc4 15. bxc4 Bd7 {[#]} 16. Ne5 $146 ({Predecessor:} 16. d5 Bc5 17. Ne4 Nxe4 18. Qxe4 h6 19. Rd3 Qb6 20. Rc2 exd5 21. cxd5 Re8 22. Ne5 f6 23. Qc4 Bd6 24. Rb3 Qa5 25. Bc3 Qxa4 {0-1 (25) Di Berardino,D (2502)-Slingerland,F (2373) Hoogeveen 2008}) 1/2-1/2

[Event "7th Iberoamerican-ch 2019"]
[Site "Linares"]
[Date "2019.08.17"]
[Round "8.2"]
[White "Delgado Ramirez, Neuris"]
[Black "Albornoz Cabrera, Carlos Daniel"]
[Result "0-1"]
[WhiteElo "2612"]
[BlackElo "2566"]
[Annotator "RC"]
[PlyCount "52"]
[EventDate "2019.08.10"]
[EventType "swiss"]
[EventCountry "ESP"]
[SourceTitle "playchess.com"]
[Source "ChessBase"]
[SourceQuality "1"]
[TimeControl "5400+30"]

1. e4 {[%emt 0:07:28]} c5 {[%emt 0:00:00]} 2. Nf3 {[%emt 0:00:06]} Nc6 {[%emt 0:00:00]} 3. Bb5 {[%emt 0:00:04]} d6 {[%emt 0:00:00]} 4. O-O {[%emt 0:00:07]} Bd7 {[%emt 0:00:00]} 5. Re1 {[%emt 0:00:11]} Nf6 {[%emt 0:00:07]} 6. h3 {[%emt 0:00:06]} Ne5 {[%emt 0:00:13]} 7. Bf1 {[%emt 0:02:28]} e6 {[%emt 0:00:55]} 8. c3 {[%emt 0:00:43]} Nxf3+ {[%emt 0:01:41]} 9. Qxf3 {[%emt 0:00:04]} Be7 {[%emt 0:00:21]} 10. d4 {[%emt 0:05:50]} Bc6 {[%emt 0:00:17]} 11. dxc5 {[%emt 0:05:32]} dxc5 {[%emt 0:04:18]} 12. Qf4 {[%emt 0:09:57]} g5 {[%emt 0:10:55]} 13. Qg3 {[%emt 0:03:10]} Rg8 {[%emt 0:06:02]} 14. e5 {[%emt 0:00:37]} Ne4 {[%emt 0:04:31]} 15. Qd3 {[%emt 0:01:26]} Qxd3 {[%emt 0:02:09]} 16. Bxd3 {[%emt 0:00:02]} O-O-O {[%emt 0:00:08]} 17. Be2 {[%emt 0:11:11]} g4 {[%emt 0:05:49]} 18. hxg4 {[%emt 0:02:25]} h5 {[%emt 0:00:51]} 19. Na3 {[%emt 0:09:41]} hxg4 {[%emt 0:03:04]} 20. Bf4 {[%emt 0:04:50]} Bg5 {[%emt 0:09:50]} 21. Bxg5 {[%emt 0:18:44]} Rxg5 {[%emt 0:00:06]} 22. Nc4 {[%emt 0:00:12]} b5 {[%emt 0:15:03]} 23. Ne3 {[%emt 0:00:28]} g3 {[%emt 0:01:12]} 24. f4 {[%emt 0:01:21]} Rg7 {[%emt 0:01:36]} 25. Ng4 {[%emt 0:11:59]} Rh8 {[%emt 0:01:51]} 26. Bf3 {[%emt 0:02:57]} Rxg4 {[%emt 0:01:35]} 0-1